| 000 | 00972nam a2200217Ia 4500 | ||
|---|---|---|---|
| 999 |
_c49972 _d49972 |
||
| 001 | 16908 | ||
| 003 | GE_BSU | ||
| 005 | 20221219154845.0 | ||
| 008 | 181216s||||||||xx |||||||||||||| ||geo|| | ||
| 040 | _cGE_BSU | ||
| 041 | _ageo | ||
| 080 | _a821.353.1:821.353.1-311.6 დ-14 | ||
| 100 |
_aდადიანი, შალვა _916504 |
||
| 245 |
_aრჩეული თხზულებანი : 5 ტომად. _bტ. 2 : [გიორგი რუსი] / _cშალვა დადიანი ; [რედ. კოლ.: ბ. ჟღენტი და სხვა] |
||
| 264 |
_aთბილისი : _bსაბჭ. საქართველო, _c1959. |
||
| 300 |
_a335 გვ.: _b22 სმ. |
||
| 653 | _aგიორგი რუსი | ||
| 653 | _aრჩეული თხზულებანი | ||
| 700 |
_a ჟღენტი , ბ [და სხვ] _eსარედაქციო კოლეგია _916505 |
||
| 942 |
_cBK _2udc |
||